00510nam a2200181 a 4500001001300000003000900013005001700022008004100039020001000080082001500090100001500105245006700120260005900187300000900246500003500255650002300290700001500313nice12345678IN_TiNIC20260116011436.0080912s1919 lona grp 000 0 eng  ac10000a229.9bFIN aFinch, R G aLonger Commentary of R.David Kimhi on the First Book of Psalms aLondonbSociety for Promoting Christian Knowledgc1919 a130p aincludes index and biblioraphy aApocryphal Gospels1 aFinch, R G